| 000 | 00814nam0a22002411 4500 | ||
|---|---|---|---|
| 001 | rc\322826 | ||
| 005 | 20250621034859.0 | ||
| 010 |
_a5-339-00286-1 _9250000 |
||
| 035 | _a(NLR Aleph) 005557011 | ||
| 090 |
_a5870988 _c5870988 |
||
| 100 | _a20030307d1989 |||y0rusy50 ca | ||
| 101 | 0 | _arus | |
| 102 | _aRU | ||
| 105 | _aa ||||||||| | ||
| 200 | 1 |
_aАэропорт _eРоман _fАртур Хейли _g[Пер. с англ. Т. Кудрявцевой, Т. Озерской _gПредисл. А. Мулярчика _gХудож. А.В. Александрович] |
|
| 210 |
_aМинск _cВышэйш. шк. _d1989 |
||
| 215 |
_a496 с. _cил. _d21 |
||
| 700 | 1 |
_aХейли _bА. _f1920- _gАртур |
|
| 801 | 0 |
_aRU _bNLR _gpsbo |
|
| 801 | 1 |
_aRU _bELAR _2rusmarc |
|
| 852 |
_aNLR _j89-3/7705 |
||
| 942 | _cBOOK | ||
| 980 | _aNB | ||